000 00817nam a22002417a 4500
003 OSt
005 20250123104907.0
008 250123b |||||||| |||| 00| 0 eng d
020 _aVPT0000096050 (hardcover)
040 _aNUST
_beng
_cNUST
_dNUST
_erda
050 _aTL1500 ZHA
100 _aZhang, Chengmin
_eAuthor
245 _aAn adventure :
_bweightlessness phenomena and life on space station /
_cChengmin Zhang
260 _aSingapore :
_bSpringer,
_c2023.
300 _aviii, 91 pages :
_billustrations (chiefly color)
_c24 cm.
336 _2rdamedia
_atext
_btxt
337 _2rdamedia
_aunmediated
_bn
338 _2rdamedia
_avolume
_bnc
650 _vAstronautics -- Human factors.
650 _vWeightlessness.
650 _vSpace stations.
942 _2lcc
_cBOOKS
_hTL1500 ZHA
_kTL
_mZHA
_n0
999 _c171173
_d171173